00511nam a22002057a 450000500170000001000110001702000100002803500110003803700160004904000120006508200150007710000200009224500430011226000480015527000140020330000270021750000200024465000210026465000200028520170124110203.0 a033888 c00.00 a033888 bCen Lib/Ret aDPLbEN a027.4bBRY aBryan, Alice I. aPublic librarian /cby Alice I. Bryan  aNew York bColumbia University Press c1952 bNew York  axxvii, 474p.c19cm(Hb) aIncludes index  aLibrary science  aPublic library